000 00614nam a22001697a 4500
003 AUA.1
005 20251118174203.0
008 250701b |||||||| |||| 00| 0 eng d
040 _cJTL
100 _aKandoje, Levison Austain
245 _aA history of Seventh-day Adventist Church in Malawi :
_bA study of south Malawi conference (1958-2020) /
_cLevison Austain Kandoje.
260 _cc2024
300 _ax, 122 leaves :
_bIllustrations :
_c30cm.
610 _aSeventh-day Adventist Church :
_bSouth Malawi Conference
_zMalawi
650 _aChurch history
942 _2aua
_cTHESIS
_hMABTS
_i.K36 2024
999 _c25118
_d25118